| 000 | 00408nam a2200157Ia 4500 | ||
|---|---|---|---|
| 005 | 20250417141237.0 | ||
| 008 | 231217s9999 xx 000 0 und d | ||
| 020 | _a9788131412466 | ||
| 082 | _a658.26 SEN;1 R | ||
| 100 | _aSen, Simantee ed. | ||
| 245 | 0 | _aEnergy management : an overview | |
| 260 |
_c2007 _bIcfai _aHyderabad |
||
| 300 | _axi, 233 | ||
| 650 | _aEnergy,management,overview | ||
| 942 | _cAA | ||
| 999 |
_c188521 _d188521 |
||